[Rezension von: Dieter Timpe, Arminiusstudien]

Gespeichert in:
Bibliographische Detailangaben
Veröffentlicht in:Bonner Jahrbücher des Rheinischen Landesmuseums in Bonn und des Rheinischen Amtes für Bodendenkmalpflege im Landschaftsverband Rheinland und des Vereins von Altertumsfreunden im Rheinlande 172(1972), Seite 638-639
VerfasserIn: Schnurbein, Siegmar von (VerfasserIn)
Dokumenttyp: Online-Ressource Aufsatz
Sprache:German
Veröffentlicht: Kevelaer, Rhld. : Verlag Butzon & Berker , 1972
Schlagwörter:
Online Zugang:kostenfrei
kostenfrei
Bibliogr. Hinweis:Enthalten in: Bonner Jahrbücher des Rheinischen Landesmuseums in Bonn und des Rheinischen Amtes für Bodendenkmalpflege im Landschaftsverband Rheinland und des Vereins von Altertumsfreunden im Rheinlande
Rezension von: Arminius-Studien
Verantwortlich:S. v. Schnurbein, Münster
LEADER 02359caa a2200433 c 4500
001 1786464012
003 DE-627
005 20240506142507.0
007 cr cn 008aaaaa
008 220119s1972 xx |||||oo 00| ||ger c
024 7 |a 10.11588/bjb.1972.1.85397  |2 doi 
035 |a (DE-627)1786464012 
035 |a (DE-599)KXP1786464012 
035 |a (OCoLC)1295776197 
040 |a DE-627  |b ger  |c DE-627  |e rda 
041 |a ger 
084 |a ALT-KA  |q DE-16  |2 fid 
100 1 |a Schnurbein, Siegmar von  |d 1941-  |e VerfasserIn  |0 (DE-588)108549720  |0 (DE-627)077134540  |0 (DE-576)162953216  |4 aut 
245 1 0 |a [Rezension von: Dieter Timpe, Arminiusstudien]  |c S. v. Schnurbein, Münster 
264 1 |a Kevelaer, Rhld.  |b Verlag Butzon & Berker  |c 1972 
336 |a Text  |b txt  |2 rdacontent 
337 |a Computermedien  |b c  |2 rdamedia 
338 |a Online-Ressource  |b cr  |2 rdacarrier 
500 |a Elektronische Reproduktion der Druckausgabe 
533 |a Online-Ausgabe  |b Heidelberg  |c Propylaeum  |d 2022  |7 |2022|||||||||| 
655 7 |a Rezension  |0 (DE-588)4049712-4  |0 (DE-627)106186019  |0 (DE-576)209083166  |2 gnd-content 
689 0 0 |d p  |0 (DE-588)118504037  |0 (DE-627)079308678  |0 (DE-576)208849467  |a Arminius  |d v16-21  |2 gnd 
689 0 |5 (DE-627) 
773 0 8 |i Enthalten in  |a Rheinisches Landesmuseum Bonn  |t Bonner Jahrbücher des Rheinischen Landesmuseums in Bonn und des Rheinischen Amtes für Bodendenkmalpflege im Landschaftsverband Rheinland und des Vereins von Altertumsfreunden im Rheinlande  |d Mainz : von Zabern, 2016  |g 172(1972), Seite 638-639  |h Online-Ressource  |w (DE-627)859177904  |w (DE-600)2855591-0  |w (DE-576)469558075  |x 2509-6265  |7 nnas 
773 1 8 |g volume:172  |g year:1972  |g pages:638-639 
787 0 8 |i Rezension von  |a Timpe, Dieter, 1931 - 2021  |t Arminius-Studien  |d Heidelberg : Winter, 1970  |h 146 S.  |w (DE-627)1072691728  |w (DE-576)002691728 
856 4 0 |u https://doi.org/10.11588/bjb.1972.1.85397  |x Verlag  |x Resolving-System  |z kostenfrei  |3 Volltext  |7 0 
856 4 0 |u https://journals.ub.uni-heidelberg.de/index.php/bjb/article/view/85397  |x Verlag  |z kostenfrei  |3 Volltext  |7 0 
951 |a AR 
994 |u https://journals.ub.uni-heidelberg.de/index.php/bjb/article/view/85397/79740 
994 |u https://journals.ub.uni-heidelberg.de/index.php/bjb/article/view/85397/79740 
990 |a Arminius 
991 |a Rezension (Monographie, Zeitschrift, Aufsatz) 
999 |a KXP-PPN1786464012  |e 4978590213